La vie quotidienne au temps de la renaissance

Gardado en:
Detalles Bibliográficos
Autor Principal: Lefranc, Abel (Author)
Formato: Libro
Idioma:francés
Publicado: París Hachette 1938
Series:La Vie Quotidienne
Subjects:
Tags: Engadir etiqueta
Sen Etiquetas, Sexa o primeiro en etiquetar este rexistro!

MARC

LEADER 00000nam a2200000 a 4500
001 UCO0830
003 CL-VaPUC
008 000428e19380000FR |||||||||||||||||fre|d
082 0 4 |a 944.027  |b LEF  |2 21 
100 0 |a Lefranc, Abel  |e author  |9 442380 
245 1 3 |a La vie quotidienne au temps de la renaissance 
300 |a 253 p 
942 |c BK 
945 |d 20000428 00:00:00  |a rherrera 
260 |a París  |b Hachette  |c 1938 
650 7 |a HISTORIA DE FRANCIA SIGLO15  |2 CL-VaPUC  |9 442381 
650 0 |a Renacimiento francés  |9 417370 
650 0 |a Vida cotidiana   |9 322355 
651 0 |a Francia  |9 255157 
583 |a last modification  |c 20160817 11:32:26  |k Rodrigo Vera 
490 0 |a La Vie Quotidienne 
999 |c 287476  |d 287474 
952 |0 0  |1 0  |4 0  |6 944_027000000000000_LEF_1938  |7 0  |8 X  |9 334346  |a BIBHIS  |b BIBHIS  |d 2019-11-20  |i 1266810  |o 944.027 LEF 1938  |p 1266810  |r 2024-01-30  |w 2019-11-20  |y BK_X  |k HIS